| 000 | 00664nam a2200217 4500 | ||
|---|---|---|---|
| 003 | OSt | ||
| 005 | 20260601193902.0 | ||
| 008 | 260508b2005 |||b|||| |||| 001 0 spa d | ||
| 020 | _a9872167036 | ||
| 040 |
_aICI _bspa _cICI _erda |
||
| 050 |
_aHD62.7 _b.C47 |
||
| 100 |
_aGobierno de la Ciudad Autónoma de Buenos Aires _eautor _934056 |
||
| 245 |
_aEncuentro internacional _bDiseño estratégico pyme |
||
| 264 |
_aArgentina _bDirección General de Industrias Culturales y Diseño _c2005 |
||
| 300 | _a110 páginas | ||
| 336 |
_2rdacontent _atexto |
||
| 337 |
_2rdamedia _asin medio |
||
| 338 |
_2rdacarrier _avolumen |
||
| 500 | _aIncluye CD | ||
| 942 |
_2lcc _n1 _cB |
||
| 999 |
_c22280 _d22280 |
||